000 01024nam a22003257a 4500
001 BR9802100
003 BR-BrBNA
005 20230928095912.0
007 ta
008 230509b bl.||||| |||| 00| 0 por d
040 _aBR-BrBNA
_bpor
_cBiblioteca Nacional de Agricultura
041 _a(Por)
072 _aP35
_b0120
090 _ 0120 BR9802100
100 1 _aCamargo, M.S. de
110 1 _aEscola Superior de Agricultura Luiz de Queiroz, Piracicaba, SP (Brasil)
_0Tese (Mestre em Agronomia)
245 1 _aSolubilidade e disponibilidade do fosforo de fosfatos naturais com origens geologicas diferentes
260 3 _aPiracicaba, SP (Brasil):
_c1997.
300 _a99 p.
500 _aSummaries (Eng, Por); Bibliography p. 92-99; 44 illus.; 34 tables
650 _aMilho
650 _aFosfato de Rocha
650 _aFosforo
650 _aDisponibilidade de Nutriente
650 _aSolubilidade
650 _aAdubacao
650 _aAcido Citrico
909 _a202309
_bLucia
_c55
_dLucia Elande
942 _cBK
999 _c59308
_d59308